00000000nam 2200000zi 4500
0019.877175
003CaOODSP
00520241203113650
006m     o  d f      
007cr bn|||||||||
008190730s1994    onca    ob   f000 0 eng d
040 |aCaOODSP|beng|erda|cCaOODSP
043 |an-cn-on
0861 |aEn13-5/94-43E-PDF
1001 |aCoakley, J. P. |q(John Phillip), |d1940- |eauthor.
24510|aTrace metals and selected elements in surficial sediments from Hamilton Harbour / |cJ.P. Coakley, D.J. Poulton, and W.A. Morris.
264 1|aBurlington, ON : |bNational Water Research Institute = Institut national de recherche sur les eaux, |c[1994]
300 |a1 online resource (16 pages, 24 unnumbered pages) : |billustrations.
336 |atext|btxt|2rdacontent
337 |acomputer|bc|2rdamedia
338 |aonline resource|bcr|2rdacarrier
4901 |aNWRI contribution ; |vno. 94-43
500 |aDigitized edition from print [produced by Environment and Climate Change Canada].
504 |aIncludes bibliographical references (pages 15-16).
69207|2gccst|aLakes
69207|2gccst|aSediments
69207|2gccst|aPollutants
7001 |aPoulton, D. J., |eauthor.
7001 |aMorris, W. A. |q(William Adrian), |d1948- |eauthor.
7101 |aCanada. |bEnvironment Canada.
7102 |aNational Water Research Institute (Canada). |bAquatic Ecosystem Restoration Branch.
7101 |aOntario. |bMinistry of Environment and Energy‏. |bScience and Technology Branch.
7102 |aMcMaster University. |bDepartment of Geology.
7102 |aNational Water Research Institute (Canada)
830#0|aNWRI contribution ;|vno. 94-43.|w(CaOODSP)9.844121
85640|qPDF|s3.66 MB|uhttps://publications.gc.ca/collections/collection_2019/eccc/en13-5/En13-5-94-43-eng.pdf